Cortando y plegando: múltiples ideas para realizar con los niños
Wedi'i Gadw mewn:
| Prif Awduron: | , |
|---|---|
| Fformat: | Llyfr |
| Iaith: | Sbaeneg |
| Cyhoeddwyd: |
Buenos Aires
Lumen
1990
|
| Cyfres: | Colección Nos Divertimos
|
| Pynciau: | |
| Tagiau: |
Ychwanegu Tag
Dim Tagiau, Byddwch y cyntaf i dagio'r cofnod hwn!
|
MARC
| LEADER | 00000nam a2200000 a 4500 | ||
|---|---|---|---|
| 001 | UCZ1407 | ||
| 003 | CL-VaPUC | ||
| 008 | 950824e19900000AG |||||||||||||||||spa|d | ||
| 082 | 0 | 4 | |a 372.5 |b GIB |2 21 |
| 100 | |a Gibson, Ray |e author |9 344969 | ||
| 700 | 0 | |a Tyler, Jenny |e author |9 344970 | |
| 245 | 1 | 0 | |a Cortando y plegando: múltiples ideas para realizar con los niños |
| 300 | |a 32 p | ||
| 942 | |c BK | ||
| 945 | |d 19950824 00:00:00 |a rbrito | ||
| 260 | |a Buenos Aires |b Lumen |c 1990 | ||
| 650 | 0 | |a Creatividad |9 310816 | |
| 650 | 0 | |a Educación artística |9 269035 | |
| 650 | 0 | |a Origami |9 310849 | |
| 583 | |a last modification |c 20170828 12:58:02 |k Rodrigo Vera | ||
| 490 | 0 | |a Colección Nos Divertimos | |
| 999 | |c 238155 |d 238153 | ||
| 952 | |0 0 |1 0 |4 0 |6 372_500000000000000_GIB_1990 |7 0 |8 P |9 248178 |a BIBEDU |b BIBEDU |c BIBEDU_PB |d 2019-11-18 |i 3118053 |o 372.5 GIB 1990 |p 3118053 |r 2024-01-25 |w 2019-11-18 |y BK |k EPE | ||